| 000 | 00563nam a22001817a 4500 | ||
|---|---|---|---|
| 005 | 20150605152447.0 | ||
| 010 | _aENG-112797 | ||
| 020 |
_c80.00 _a9788123763323 |
||
| 035 | _aEN-96329 | ||
| 037 | _bDBAD/PUB | ||
| 082 | _a660.6 | ||
| 100 | _aChawla, P. Cheena | ||
| 245 | 0 | 0 |
_aBasic biotechniques / _cby P. Cheena Chawla |
| 260 |
_aNew Delhi _bNational Book Trust _c2011 |
||
| 270 |
_aNehru Bhawan, 5 Institutional Area, Phase-ll Vasant Kunj _bNew Delhi _e110070 |
||
| 300 |
_axvii,108p. : _c22cm(pbk) _bill. |
||
| 942 |
_2ddc _cEN _mCHA _h660.6 |
||
| 999 |
_c92929 _d92929 |
||